000 00936nam a2200229 a 4500
003 BD-DhJNU
005 20260504083959.0
008 260508s2019 bg |||g |||| 000 1|ben|d
020 _a9789843467621
040 _aBD-DhJNU
_bben
_cBD-DhJNU
_dBD-DhJNU
041 _aben
082 _a956 KAA
_223
100 _aকাউসার, এম এ
245 1 0 _aআধুনিক যুগে পশ্চিম এশিয়া /
_cএম এ কাউসার
246 _aAdhunik juge poschim Asia
260 _aঢাকা :
_bইতিবৃত্ত প্রকাশন,
_c2019.
300 _a৩১৯ পৃ. :
_bচিত্র ;
_c২২ সেমি.।
504 _aগ্রন্থপঞ্জিগত নির্দেশিকা ও নিঘন্ট অন্তভূক্ত
650 _aমধ্যপ্রাচ্য -- ইতিহাস
650 _aMiddle East -- History
942 _cBK
999 _c2764
_d2764